书目信息 |
| 题名: |
时代新貌
|
|
| 作者: | 陈栎宇 编写 | |
| 分册: | ||
| 出版信息: | 长春 吉林出版集团有限责任公司 2010 |
|
| 页数: | 119页 | |
| 开本: | 21cm | |
| 丛书名: | ||
| 单 册: | ||
| 中图分类: | I253.7 , D442.3 | |
| 科图分类: | ||
| 主题词: | 报告文学--中国--现代 | |
| 电子资源: | ||
| ISBN: | 978-7-5463-1718-2 | |
| 000 | 00924nam0 2200265 450 | |
| 001 | 2375869266 | |
| 005 | 20231129042201.36 | |
| 010 | @a978-7-5463-1718-2@dCNY29.80 | |
| 100 | @a20100412d2010 em y0chiy50 ea | |
| 101 | 0 | @achi |
| 102 | @aCN@b220000 | |
| 105 | @ay z 000zy | |
| 200 | 1 | @a时代新貌@Ashi dai xin mao@e中华全国妇女联合会成立@f陈栎宇编写 |
| 210 | @a长春@c吉林出版集团有限责任公司@d2010 | |
| 215 | @a119页@d21cm | |
| 300 | @a共和国故事 | |
| 330 | @a本书分为新中国成立初期、社会主义改造时期、社会主义建设时期三部分,内容包括:中华妇女联合会正式成立、组织妇女支援抗美援朝等。 | |
| 517 | 1 | @a中华全国妇女联合会成立@9zhong hua quan guo fu nv lian he hui cheng li |
| 601 | 0 | @a中华人民共和国全国妇女联合会@z1949@j史料 |
| 606 | 0 | @a报告文学@y中国@z现代 |
| 690 | @aI253.7@v4 | |
| 690 | @aD442.3@v4 | |
| 701 | 0 | @a陈栎宇@Achen li yu@4编写 |
| 801 | 0 | @aCN@b91MARC@c20130904 |
| 905 | @aZUCC@dI253.7@e119 | |
| 时代新貌:中华全国妇女联合会成立/陈栎宇编写.-长春:吉林出版集团有限责任公司,2010 |
| 119页;21cm |
| 共和国故事 |
| ISBN 978-7-5463-1718-2:CNY29.80 |
| 本书分为新中国成立初期、社会主义改造时期、社会主义建设时期三部分,内容包括:中华妇女联合会正式成立、组织妇女支援抗美援朝等。 |
| ● |
| 相关链接 |
|
|
|
正题名:时代新貌
索取号:I253.7/119
 
预约/预借
| 序号 | 登录号 | 条形码 | 馆藏地/架位号 | 状态 | 备注 |
| 1 | 2000993604 | 2000993604 | 第四书库/四40架A面2层4列/ [索取号:I253.7/119] | 在馆 | |
| 2 | 2000993605 | 2000993605 | 第四书库/四40架A面2层4列/ [索取号:I253.7/119] | 在馆 | |
| 3 | 2000993606 | 2000993606 | 第四书库/四40架A面2层4列/ [索取号:I253.7/119] | 在馆 | |
| 4 | 2000993607 | 2000993607 | 第四书库/四40架A面2层4列/ [索取号:I253.7/119] | 在馆 | |
| 5 | 2000993608 | 2000993608 | 第四书库/四40架A面2层4列/ [索取号:I253.7/119] | 在馆 | |
| 6 | 2000993609 | 2000993609 | 第四书库/四40架A面2层4列/ [索取号:I253.7/119] | 在馆 |